000 00799cab a2200229 4500
001 ABS47575
008 090401t1992 xxu||||| |||| 00| 0 eng d
035 _a(Sirsi) u62530
041 _aeng
100 _aHarding, C
245 _aWhen the builder must start to count the costs
260 _c1992
350 _a0
490 _aBuilding
_v257(7773) 4 December 1992, 30(1)
520 _aLooks at the relationships between builders, quantity surveyors and architects. Raises the question of whether the quantity surveyor can manipulate contracts so as to lay himself open to accusations of `sharp practice`.
650 _aBUILDERS
650 _aContracts
_96232
650 _aQUANTITY SURVEYORS
690 _aBUILT ENVIRONMENT-BUILDING CONTRACT FORMS
942 _n0
948 _c04/03/1997
999 _c38842
_d38842